[Event "Veliko Gradiste Silver Lake op-A"]
[Site "Veliko Gradiste"]
[Date "2017.06.24"]
[Round "8"]
[White "Mickovic, Slavisa"]
[Black "Lyell, Mark"]
[Result "0-1"]
[WhiteElo "2102"]
[BlackElo "2270"]
[PlyCount "74"]
[EventDate "2017.06.18"]
[EventType "swiss"]
[EventRounds "9"]
[EventCountry "SRB"]
[SourceTitle "EXT 2018"]
[Source "ChessBase"]
[SourceDate "2017.10.13"]
[SourceVersion "1"]
[SourceVersionDate "2017.10.13"]
[SourceQuality "1"]

1. d4 e6 2. Bf4 f5 3. c4 Nf6 4. Nc3 Bb4 5. a3 Bxc3+ 6. bxc3 b6 7. Nf3 0-0 8. g3 Ne4 9. Qc2 Ba6 10. c5 bxc5 11. Bg2 Nc6 12. dxc5 Qe7 13. Nd2 e5 14. Be3 Nxc5 15. Nb3 Ne6 16. 0-0 f4 17. Bc1 Rab8 18. Bd5 f3 19. Bxf3 Rxf3 20. exf3 Bxf1 21. Kxf1 Qf7 22. Nd2 Ng5 23. Qd3 Rf8 24. h4 Nxf3 25. Nxf3 Qxf3 26. Qxf3 Rxf3 27. Be3 Kf8 28. Rb1 Ke8 29. Rb7 Kd8 30. Ke2 Rf7 31. Rb5 d6 32. Kd3 a6 33. Rd5 Kd7 34. c4 Rf8 35. f4 Rb8 36. Kc3 Re8 37. f5 Ne7 0-1

[Event "Veliko Gradiste Silver Lake op-A"]
[Site "Veliko Gradiste"]
[Date "2017.06.23"]
[Round "7"]
[White "Michalicka, Milan"]
[Black "Mickovic, Slavisa"]
[Result "1-0"]
[WhiteElo "2210"]
[BlackElo "2102"]
[PlyCount "71"]
[EventDate "2017.06.18"]
[EventType "swiss"]
[EventRounds "9"]
[EventCountry "SRB"]
[SourceTitle "CBM 179 Extra"]
[Source "ChessBase"]
[SourceDate "2017.08.23"]
[SourceVersion "1"]
[SourceVersionDate "2017.08.23"]
[SourceQuality "1"]

1. d4 d5 2. c4 dxc4 3. Nf3 Nf6 4. e3 e6 5. Bxc4 a6 6. 0-0 c5 7. Qe2 b5 8. Bd3 Bb7 9. dxc5 Bxc5 10. Bxb5+ Nbd7 11. Bd3 0-0 12. Rd1 Qc7 13. Nbd2 Rfd8 14. Nb3 Bd6 15. h3 e5 16. e4 a5 17. Bg5 a4 18. Rac1 Qb8 19. Nbd2 Nc5 20. Bxf6 gxf6 21. Nh4 Nxd3 22. Qxd3 Bf8 23. Qf3 Ra6 24. Nf5 Rc6 25. Nf1 Rxc1 26. Rxc1 Bc8 27. Rc3 Kh8 28. Nh6 Be6 29. Qxf6+ Bg7 30. Nxf7+ Bxf7 31. Qxf7 Rf8 32. Qc4 Qxb2 33. Rc2 Qa3 34. Ne3 Rb8 35. Nf5 Bf8 36. Qf7 1-0

[Event "Veliko Gradiste Silver Lake op-A"]
[Site "Veliko Gradiste"]
[Date "2017.06.21"]
[Round "5"]
[White "Bujisic, Vlastimir"]
[Black "Mickovic, Slavisa"]
[Result "1/2-1/2"]
[WhiteElo "2301"]
[BlackElo "2102"]
[PlyCount "38"]
[EventDate "2017.06.18"]
[EventType "swiss"]
[EventRounds "9"]
[EventCountry "SRB"]
[SourceTitle "CBM 179 Extra"]
[Source "ChessBase"]
[SourceDate "2017.08.23"]
[SourceVersion "1"]
[SourceVersionDate "2017.08.23"]
[SourceQuality "1"]

1. e4 c5 2. Nf3 d6 3. d4 cxd4 4. Nxd4 Nf6 5. Nc3 Bd7 6. Be2 Nc6 7. 0-0 a6 8. a4 g6 9. Be3 Bg7 10. f3 0-0 11. Nxc6 Bxc6 12. a5 Rc8 13. Qd2 Re8 14. Bb6 Qd7 15. Rad1 Qe6 16. Nd5 Bxd5 17. exd5 Qf5 18. c4 Nd7 19. Bf2 Qe5 1/2-1/2

[Event "Veliko Gradiste Silver Lake op-A"]
[Site "Veliko Gradiste"]
[Date "2017.06.19"]
[Round "2"]
[White "Mickovic, Slavisa"]
[Black "Burcu, Cagatay"]
[Result "0-1"]
[WhiteElo "2102"]
[BlackElo "2241"]
[PlyCount "76"]
[EventDate "2017.06.18"]
[EventType "swiss"]
[EventRounds "9"]
[EventCountry "SRB"]
[SourceTitle "EXT 2018"]
[Source "ChessBase"]
[SourceDate "2017.10.13"]
[SourceVersion "1"]
[SourceVersionDate "2017.10.13"]
[SourceQuality "1"]

1. d4 d5 2. Bf4 Nf6 3. e3 c5 4. c3 Nc6 5. Nf3 Qb6 6. Qb3 c4 7. Qc2 Bf5 8. Qc1 e6 9. Nh4 Be4 10. f3 Bg6 11. g4 Be7 12. Nxg6 hxg6 13. Bg2 Qd8 14. Nd2 Nd7 15. Nf1 g5 16. Bg3 Nf8 17. Qc2 Ng6 18. f4 gxf4 19. exf4 Bd6 20. f5 Nf4 21. Bxf4 Bxf4 22. fxe6 fxe6 23. Qg6+ Kf8 24. Ng3 Rh6 25. Qc2 Qg5 26. 0-0 Kg8 27. Bf3 Rf8 28. Qg2 Rf7 29. Rae1 Nd8 30. Nh5 Be3+ 31. Kh1 g6 32. Ng3 Rfh7 33. Re2 Bf4 34. Kg1 Rxh2 35. Qxh2 Rxh2 36. Rxh2 Bxg3 37. Rh3 Bd6 38. Kg2 Nf7 0-1

[Event "Niska Banja op"]
[Site "Niska Banja"]
[Date "2017.04.02"]
[Round "5"]
[White "Zivkovic, Momcilo"]
[Black "Mickovic, Slavisa"]
[Result "1/2-1/2"]
[WhiteElo "2095"]
[BlackElo "2110"]
[PlyCount "114"]
[EventDate "2017.03.30"]
[EventType "swiss"]
[EventRounds "5"]
[EventCountry "SRB"]
[SourceTitle "CBM 177 Extra"]
[Source "ChessBase"]
[SourceDate "2017.04.27"]
[SourceVersion "1"]
[SourceVersionDate "2017.04.27"]
[SourceQuality "1"]

1. e4 c5 2. c3 b6 3. d4 Bb7 4. e5 e6 5. Nf3 d6 6. Bb5+ Nc6 7. 0-0 a6 8. Bd3 Qc7 9. dxc5 bxc5 10. exd6 Bxd6 11. Qe2 Nf6 12. Nbd2 Ne5 13. Nxe5 Bxe5 14. Nf3 Bd6 15. Re1 0-0 16. h3 Rfd8 17. Bg5 Bf4 18. Bxf6 gxf6 19. Be4 Rab8 20. b3 Bh6 21. Bxb7 Qxb7 22. Red1 Qb5 23. Rxd8+ Rxd8 24. Qxb5 axb5 25. a4 bxa4 26. bxa4 Ra8 27. Kf1 Ra5 28. Ke2 c4 29. Nd4 Kf8 30. g3 Ke8 31. f4 Kd7 32. Kf3 Bf8 33. g4 Bc5 34. Ke4 Kc7 35. f5 Bxd4 36. Kxd4 exf5 37. gxf5 Rxf5 38. Kxc4 Kb6 39. Rd1 Rf3 40. Kb4 Rxh3 41. Rd6+ Kb7 42. Rxf6 Rh1 43. Rxf7+ Ka6 44. Rf6+ Ka7 45. c4 Rb1+ 46. Kc5 Ra1 47. Rf7+ Ka6 48. Rxh7 Rxa4 49. Kd5 Ra1 50. c5 Rg1 51. c6 Rg6 52. Kc5 Rf6 53. Rh8 Rf5+ 54. Kd6 Rf6+ 55. Kd5 Kb6 56. Rb8+ Kc7 57. Rb7+ Kc8 1/2-1/2

[Event "Paracin-ch"]
[Site "Paracin"]
[Date "2017.02.04"]
[Round "6"]
[White "Mickovic, Slavisa"]
[Black "Micanovic, Zoran"]
[Result "1-0"]
[WhiteElo "2147"]
[BlackElo "1814"]
[PlyCount "94"]
[EventDate "2017.01.31"]
[EventType "swiss"]
[EventRounds "9"]
[EventCountry "SRB"]
[SourceTitle "CBM 176 Extra"]
[Source "ChessBase"]
[SourceDate "2017.03.02"]
[SourceVersion "1"]
[SourceVersionDate "2017.03.02"]
[SourceQuality "1"]

1. d4 d5 2. Bf4 Nf6 3. Nf3 e6 4. e3 Bd6 5. Bg3 Ne4 6. Bh4 g5 7. Bg3 Nxg3 8. hxg3 Nd7 9. Bd3 f5 10. c4 c6 11. c5 Bc7 12. g4 0-0 13. gxf5 exf5 14. Qc2 Qf6 15. Nc3 b6 16. 0-0-0 bxc5 17. Rh5 h6 18. Rdh1 Kg7 19. Nxg5 hxg5 20. Rh7+ Kg8 21. R1h6 c4 22. Be2 Qxh6 23. Rxh6 Nf6 24. Rg6+ Kf7 25. Rxg5 Rh8 26. Qa4 Bd7 27. g4 f4 28. e4 f3 29. e5 fxe2 30. Kd2 Ne4+ 31. Nxe4 dxe4 32. Qxc4+ Be6 33. Rf5+ Ke7 34. Qxc6 Rhc8 35. Kxe2 Rab8 36. Rf6 Bxg4+ 37. Ke3 Bxe5 38. Qxe4 Kxf6 39. dxe5+ Kg5 40. Qh7 Rf8 41. f4+ Rxf4 42. Qg7+ Kh4 43. Qh6+ Bh5 44. Qxf4+ Bg4 45. e6 Rb6 46. e7 Re6+ 47. Kd4 Kh5 1-0

[Event "Paracin-ch"]
[Site "Paracin"]
[Date "2016.01.24"]
[Round "9"]
[White "Mickovic, Slavisa"]
[Black "Rajic, Milovan"]
[Result "1-0"]
[WhiteElo "2132"]
[BlackElo "1715"]
[PlyCount "91"]
[EventDate "2016.01.19"]
[EventType "swiss"]
[EventRounds "9"]
[EventCountry "SRB"]
[SourceTitle "CBM 170 Extra"]
[Source "ChessBase"]
[SourceDate "2016.02.25"]
[SourceVersion "1"]
[SourceVersionDate "2016.02.25"]
[SourceQuality "1"]

1. d4 Nf6 2. c4 e6 3. Nf3 Bb4+ 4. Nc3 c5 5. d5 0-0 6. a3 Bxc3+ 7. bxc3 d6 8. Bg5 e5 9. Nd2 h6 10. Bh4 Nbd7 11. e4 Qa5 12. Qc2 Qc7 13. f3 Nh5 14. Bf2 Qd8 15. g3 Qg5 16. Bd3 Rb8 17. Nf1 Nb6 18. Ne3 Bd7 19. a4 Qe7 20. a5 Nc8 21. 0-0 Bh3 22. Rfe1 Qf6 23. Nf5 Ne7 24. Nxe7+ Qxe7 25. Be3 Qf6 26. Be2 Qg6 27. Bf1 Bd7 28. Kh1 f5 29. Bh3 Bc8 30. exf5 Nxg3+ 31. hxg3 Qxg3 32. Qg2 Qh4 33. Rg1 Rf7 34. Qg4 Qf6 35. Qg6 Qh4 36. Qxh6 Qxh6 37. Bxh6 Bxf5 38. Bf1 g6 39. Bg5 Kg7 40. Kg2 e4 41. f4 Bg4 42. Kf2 Bh5 43. Ke3 Re8 44. Bh3 Bf3 45. Be6 Rff8 46. Rab1 1-0

[Event "Paracin-ch"]
[Site "Paracin"]
[Date "2016.01.19"]
[Round "1"]
[White "Mickovic, Slavisa"]
[Black "Milosavljevic, Radosav"]
[Result "1-0"]
[WhiteElo "2132"]
[BlackElo "1656"]
[PlyCount "87"]
[EventDate "2016.01.19"]
[EventType "swiss"]
[EventRounds "9"]
[EventCountry "SRB"]
[SourceTitle "CBM 170 Extra"]
[Source "ChessBase"]
[SourceDate "2016.02.25"]
[SourceVersion "1"]
[SourceVersionDate "2016.02.25"]
[SourceQuality "1"]

1. d4 Nf6 2. c4 g6 3. Nc3 Bg7 4. e4 d6 5. f3 0-0 6. Be3 c5 7. Nge2 b6 8. Qd2 a6 9. d5 e5 10. g4 Bd7 11. Ng3 Ne8 12. 0-0-0 Nc7 13. Bh6 Qf6 14. Be2 Bxh6 15. Qxh6 b5 16. Nf5 Bxf5 17. exf5 bxc4 18. Ne4 Qg7 19. Qxg7+ Kxg7 20. f6+ Kh8 21. Nxd6 Nd7 22. Bxc4 Nxf6 23. Nxf7+ Kg7 24. Ng5 h6 25. Ne6+ Nxe6 26. dxe6 Rad8 27. Bxa6 Rd4 28. Bb5 Nd5 29. Rde1 Kf6 30. Re2 Kxe6 31. Rhe1 Rxf3 32. Rxe5+ Kf6 33. Bc6 Rc4+ 34. Kb1 Rf2 35. g5+ hxg5 36. Bxd5 Rcc2 37. Re6+ Kg7 38. Rxg6+ Kxg6 39. Be4+ Kf6 40. Bxc2 Rxh2 41. a4 g4 42. a5 g3 43. Be4 Ke5 44. a6 1-0

[Event "SRB-chT2 East"]
[Site "Vrnjacka Banja"]
[Date "2015.08.29"]
[Round "3.4"]
[White "Ilic, Aleksandar"]
[Black "Mickovic, Slavisa"]
[Result "0-1"]
[WhiteElo "2147"]
[BlackElo "2092"]
[PlyCount "78"]
[EventDate "2015.08.28"]
[EventType "team-tourn"]
[EventRounds "11"]
[EventCountry "SRB"]
[SourceTitle "EXT 2022"]
[Source "ChessBase"]
[SourceDate "2021.10.06"]
[SourceVersion "1"]
[SourceVersionDate "2021.10.06"]
[SourceQuality "1"]

1. e4 c6 2. d4 d5 3. Nc3 dxe4 4. Nxe4 Nd7 5. Ng5 Ngf6 6. Bd3 e6 7. N1f3 Bd6 8. Qe2 h6 9. Ne4 Nxe4 10. Qxe4 Nf6 11. Qe2 Qc7 12. Bd2 Bf4 13. 0-0-0 b6 14. Rhe1 Bxd2+ 15. Rxd2 Bb7 16. Ba6 Bxa6 17. Qxa6 0-0 18. Ne5 Rad8 19. Qc4 Rd6 20. g4 Rfd8 21. h4 c5 22. c3 b5 23. Qxb5 cxd4 24. Qc4 Qb6 25. Rxd4 Rxd4 26. cxd4 Qxd4 27. Qxd4 Rxd4 28. f3 Nd5 29. Rd1 Rf4 30. Rd3 f6 31. Ng6 Ra4 32. h5 Kf7 33. Rb3 Rb4 34. Ra3 Rb7 35. Nh8+ Ke7 36. Ng6+ Kd6 37. Ra6+ Nb6 38. a4 Kc5 39. a5 Kb5 0-1

[Event "SRB-chT2 East"]
[Site "Vrnjacka Banja"]
[Date "2015.08.28"]
[Round "1.5"]
[White "Ravic, Nenad"]
[Black "Mickovic, Slavisa"]
[Result "1/2-1/2"]
[WhiteElo "2316"]
[BlackElo "2092"]
[PlyCount "94"]
[EventDate "2015.08.28"]
[EventType "team-tourn"]
[EventRounds "11"]
[EventCountry "SRB"]
[SourceTitle "EXT 2022"]
[Source "ChessBase"]
[SourceDate "2021.10.06"]
[SourceVersion "1"]
[SourceVersionDate "2021.10.06"]
[SourceQuality "1"]

1. e4 e6 2. d4 d5 3. Nc3 Bb4 4. Qg4 Nf6 5. Qxg7 Rg8 6. Qh6 dxe4 7. Nge2 c5 8. Bg5 Rg6 9. Qh4 h6 10. Bxf6 Qxf6 11. Qxf6 Rxf6 12. 0-0-0 Bxc3 13. Nxc3 cxd4 14. Nxe4 Rf4 15. Rxd4 Ke7 16. g3 Nc6 17. Ra4 Rf5 18. Bh3 Rd5 19. Nc3 Rd4 20. Rxd4 Nxd4 21. Bg2 Rb8 22. Rd1 Nf5 23. Nb5 Bd7 24. Nd4 Nd6 25. f4 Rc8 26. b3 Rc5 27. Kb2 f6 28. Re1 e5 29. fxe5 fxe5 30. c4 Kf6 31. Nc2 b5 32. Rd1 Ke7 33. Rd5 Rxd5 34. Bxd5 bxc4 35. bxc4 Ne8 36. Kc3 Nf6 37. Bg2 Be6 38. Ne3 Kd6 39. Kb4 e4 40. h3 Ke5 41. Kc3 Nd7 42. g4 Nc5 43. h4 a5 44. g5 hxg5 45. hxg5 Bf7 46. Ng4+ Kf4 47. Nh6 Bg6 1/2-1/2

[Event "Veliko Gradiste Silver Lake op-A"]
[Site "Veliko Gradiste"]
[Date "2015.06.26"]
[Round "7"]
[White "Mickovic, Slavisa"]
[Black "Injac, Teodora"]
[Result "1/2-1/2"]
[WhiteElo "2103"]
[BlackElo "2109"]
[PlyCount "86"]
[EventDate "2015.06.20"]
[EventType "swiss"]
[EventRounds "9"]
[EventCountry "SRB"]
[SourceTitle "CBM 167 Extra"]
[Source "ChessBase"]
[SourceDate "2015.09.14"]
[SourceVersion "1"]
[SourceVersionDate "2015.09.14"]
[SourceQuality "1"]

1. d4 Nf6 2. Nf3 g6 3. Bg5 Bg7 4. Nbd2 0-0 5. e3 d6 6. c3 c5 7. Bd3 Be6 8. 0-0 Qb6 9. dxc5 dxc5 10. Qc2 Nc6 11. Bc4 Bd7 12. a4 Rad8 13. Rfe1 Qc7 14. h3 Na5 15. Ba2 c4 16. e4 e5 17. Qd1 Be6 18. Qe2 Rd7 19. Bb1 h6 20. Be3 Rfd8 21. Bc2 b6 22. Rad1 Nb7 23. Nb1 Nc5 24. Bxc5 Qxc5 25. Rxd7 Rxd7 26. Rd1 Bf8 27. Rxd7 Nxd7 28. Nbd2 a6 29. Nh2 b5 30. axb5 axb5 31. Nhf1 Qa7 32. Qe1 Bc5 33. Ne3 Qa2 34. Qb1 Qa7 35. Qe1 Qa2 36. Qb1 Qa7 37. Qe1 Kg7 38. Nf3 Qc7 39. Qd2 Qa7 40. Nf5+ Bxf5 41. exf5 g5 42. Nxg5 hxg5 43. Qxg5+ Kf8 1/2-1/2

[Event "Veliko Gradiste Silver Lake op-A"]
[Site "Veliko Gradiste"]
[Date "2015.06.20"]
[Round "1"]
[White "Mickovic, Slavisa"]
[Black "Radovanovic, Dusan"]
[Result "1/2-1/2"]
[WhiteElo "2103"]
[BlackElo "2347"]
[PlyCount "53"]
[EventDate "2015.06.20"]
[EventType "swiss"]
[EventRounds "9"]
[EventCountry "SRB"]
[SourceTitle "CBM 167 Extra"]
[Source "ChessBase"]
[SourceDate "2015.09.14"]
[SourceVersion "1"]
[SourceVersionDate "2015.09.14"]
[SourceQuality "1"]

1. d4 Nf6 2. c4 e6 3. Nf3 b6 4. Nc3 Bb4 5. Bg5 Bb7 6. a3 Bxc3+ 7. bxc3 h6 8. Bh4 d6 9. Qc2 Nbd7 10. Nd2 Qe7 11. f3 e5 12. e4 Nf8 13. Bf2 Ne6 14. Qa4+ Qd7 15. Qxd7+ Nxd7 16. g3 0-0 17. Bh3 Rad8 18. 0-0-0 Ba6 19. Be3 exd4 20. cxd4 c5 21. d5 Nd4 22. Bxd7 Rxd7 23. Kb2 b5 24. Bxd4 cxd4 25. Nb3 bxc4 26. Nxd4 Rb8+ 27. Kc2 1/2-1/2

[Event "SRB-chT Central"]
[Site "Kraljevo"]
[Date "2014.09.14"]
[Round "3.6"]
[White "Mickovic, Slavisa"]
[Black "Ratkovic, Milovan"]
[Result "0-1"]
[WhiteElo "2104"]
[BlackElo "2315"]
[PlyCount "98"]
[EventDate "2014.09.13"]
[EventType "team-tourn"]
[EventRounds "11"]
[EventCountry "SRB"]
[SourceTitle "CBM 162 Extra"]
[Source "ChessBase"]
[SourceDate "2014.10.17"]
[SourceVersion "1"]
[SourceVersionDate "2014.10.17"]
[SourceQuality "1"]
[WhiteTeam "Veliko Gradiste"]
[BlackTeam "Ub"]
[WhiteTeamCountry "SRB"]
[BlackTeamCountry "SRB"]

1. d4 d5 2. Nf3 Nf6 3. c4 dxc4 4. Nc3 a6 5. a4 Nc6 6. e3 Bg4 7. Bxc4 e6 8. 0-0 Bd6 9. h3 Bh5 10. Be2 0-0 11. Nd2 Bxe2 12. Qxe2 e5 13. d5 Nb4 14. e4 Nc2 15. Rb1 Nd4 16. Qd3 Nd7 17. Nf3 Nc5 18. Qd1 Qf6 19. Be3 Nxf3+ 20. Qxf3 Qxf3 21. gxf3 f5 22. Bxc5 Bxc5 23. b4 Ba7 24. Kg2 Rf6 25. Ne2 Raf8 26. Ng3 fxe4 27. fxe4 Rxf2+ 28. Rxf2 Rxf2+ 29. Kh1 Be3 30. Rb3 Bf4 31. Nh5 Rc2 32. b5 Kf7 33. bxa6 bxa6 34. Rb7 Kg6 35. Nxf4+ exf4 36. e5 Rc5 37. d6 cxd6 38. exd6 Rd5 39. d7 Rd2 40. Kg1 Kf6 41. h4 g6 42. a5 Kf5 43. Kf1 h6 44. Ke1 Rd4 45. Rc7 g5 46. Rc6 Rxd7 47. Rxa6 g4 48. Rxh6 g3 49. Rb6 f3 0-1

[Event "SRB-chT Central"]
[Site "Kraljevo"]
[Date "2014.09.14"]
[Round "2.1"]
[White "Nikolic, Boban"]
[Black "Mickovic, Slavisa"]
[Result "1/2-1/2"]
[WhiteElo "2242"]
[BlackElo "2104"]
[PlyCount "91"]
[EventDate "2014.09.13"]
[EventType "team-tourn"]
[EventRounds "11"]
[EventCountry "SRB"]
[SourceTitle "CBM 162 Extra"]
[Source "ChessBase"]
[SourceDate "2014.10.17"]
[SourceVersion "1"]
[SourceVersionDate "2014.10.17"]
[SourceQuality "1"]
[WhiteTeam "Pirot"]
[BlackTeam "Veliko Gradiste"]
[WhiteTeamCountry "SRB"]
[BlackTeamCountry "SRB"]

1. Nf3 d5 2. c4 dxc4 3. e3 Nf6 4. Bxc4 e6 5. d4 c5 6. 0-0 a6 7. Bb3 Nc6 8. Nc3 Be7 9. dxc5 Qxd1 10. Rxd1 Bxc5 11. Bd2 Na5 12. Bc2 Nc4 13. Na4 Nxd2 14. Nxd2 Ba7 15. Nc4 b5 16. Nab6 Bxb6 17. Nxb6 Rb8 18. Nxc8 Rxc8 19. Bd3 Nd7 20. a4 Nc5 21. axb5 Nxd3 22. Rxd3 axb5 23. Rb3 Rc5 24. Ra8+ Ke7 25. Ra7+ Kf6 26. g3 Rb8 27. Rd3 Rc2 28. b3 g5 29. Rdd7 Rf8 30. Rab7 Rc5 31. b4 Re5 32. h3 h5 33. Rdc7 h4 34. g4 Rd5 35. Kg2 Re5 36. Rc5 Rxc5 37. bxc5 Ke5 38. Rxb5 f6 39. Kf3 Rc8 40. e4 Ra8 41. c6+ Kd6 42. Rb6 Ra3+ 43. Kg2 Rc3 44. Rb5 Kxc6 45. Ra5 Rc5 46. Ra6+ 1/2-1/2

[Event "Srebrno Jezero op-B 7th"]
[Site "Srebrno Jezero"]
[Date "2013.06.16"]
[Round "5"]
[White "Bozinovic, Boban"]
[Black "Mickovic, Slavisa"]
[Result "1/2-1/2"]
[WhiteElo "2053"]
[BlackElo "2103"]
[PlyCount "35"]
[EventDate "2013.06.14"]
[EventType "swiss"]
[EventRounds "9"]
[EventCountry "SRB"]
[SourceTitle "EXT 2014"]
[Source "ChessBase"]
[SourceDate "2013.11.20"]
[SourceVersion "1"]
[SourceVersionDate "2013.11.20"]
[SourceQuality "1"]

1. e4 c6 2. d4 d5 3. Nc3 dxe4 4. Nxe4 Nd7 5. Ng5 Ngf6 6. Bd3 e6 7. N1f3 Bd6 8. Qe2 h6 9. Ne4 Nxe4 10. Qxe4 Nf6 11. Qe2 Qc7 12. Bd2 b6 13. c3 Bb7 14. 0-0-0 0-0-0 15. Rhe1 c5 16. Ba6 Bxa6 17. Qxa6+ Qb7 18. Qxb7+ 1/2-1/2

[Event "Srebrno Jezero op-B 7th"]
[Site "Srebrno Jezero"]
[Date "2013.06.16"]
[Round "4"]
[White "Mickovic, Slavisa"]
[Black "Zivkovic, Momcilo"]
[Result "1-0"]
[WhiteElo "2103"]
[BlackElo "2134"]
[PlyCount "52"]
[EventDate "2013.06.14"]
[EventType "swiss"]
[EventRounds "9"]
[EventCountry "SRB"]
[SourceTitle "EXT 2014"]
[Source "ChessBase"]
[SourceDate "2013.11.20"]
[SourceVersion "1"]
[SourceVersionDate "2013.11.20"]
[SourceQuality "1"]

1. e4 e6 2. d4 d5 3. Nc3 Nf6 4. e5 Nfd7 5. f4 c5 6. Nf3 cxd4 7. Nxd4 Nc6 8. Be3 Nxd4 9. Bxd4 a6 10. Qd2 b5 11. Qf2 Qa5 12. Bd3 b4 13. Ne2 Nc5 14. 0-0 Nxd3 15. cxd3 Bd7 16. Rfc1 Qb5 17. Qe3 Be7 18. Bc5 Rc8 19. Bxe7 Kxe7 20. f5 Rxc1+ 21. Rxc1 h6 22. f6+ gxf6 23. exf6+ Kf8 24. Rc5 Qb8 25. d4 Bb5 26. Nf4 Ke8 1-0

[Event "SRB-CupT Central"]
[Site "Serbia"]
[Date "2013.04.26"]
[Round "5.3"]
[White "Mickovic, Slavisa"]
[Black "Velickovic, Dusan"]
[Result "1-0"]
[WhiteElo "2088"]
[BlackElo "1991"]
[PlyCount "83"]
[EventDate "2013.03.24"]
[EventType "team-tourn"]
[EventRounds "8"]
[EventCountry "SRB"]
[SourceTitle "EXT 2018"]
[Source "ChessBase"]
[SourceDate "2017.10.13"]
[SourceVersion "1"]
[SourceVersionDate "2017.10.13"]
[SourceQuality "1"]

1. d4 d5 2. c4 e6 3. Nc3 Nf6 4. Nf3 c6 5. cxd5 exd5 6. Bg5 h6 7. Bh4 Be7 8. e3 Bf5 9. Bd3 Bxd3 10. Qxd3 Nbd7 11. 0-0 0-0 12. Rab1 a5 13. a3 Nh5 14. Bxe7 Qxe7 15. b4 axb4 16. axb4 b5 17. Qf5 g6 18. Qh3 Qe6 19. Qxe6 fxe6 20. Ra1 Kf7 21. Ne5+ Nxe5 22. dxe5 Ke7 23. Ne2 Kd7 24. g4 Ng7 25. Nf4 g5 26. Nd3 Rfb8 27. Nc5+ Ke7 28. f4 Ne8 29. f5 exf5 30. gxf5 Nc7 31. Kf2 Rxa1 32. Rxa1 Ra8 33. Ra5 h5 34. Kf3 Rxa5 35. bxa5 b4 36. Ke2 g4 37. Nd3 h4 38. Nxb4 c5 39. Nd3 c4 40. Nf4 h3 41. Kf2 c3 42. Ne2 1-0

[Event "SRB-chT2 East CS"]
[Site "Serbia"]
[Date "2012.09.16"]
[Round "4.16"]
[White "Kostic, Aleksandar"]
[Black "Mickovic, Slavisa"]
[Result "0-1"]
[WhiteElo "1981"]
[BlackElo "2093"]
[PlyCount "87"]
[EventDate "2012.09.14"]
[EventType "team"]
[EventRounds "9"]
[EventCountry "SRB"]
[SourceTitle "EXT 2015"]
[Source "ChessBase"]
[SourceDate "2014.11.20"]
[SourceVersion "1"]
[SourceVersionDate "2014.11.20"]
[SourceQuality "1"]

1. e4 c6 2. d4 d5 3. exd5 cxd5 4. Bd3 Nc6 5. c3 Nf6 6. Bf4 g6 7. Nf3 Bf5 8. 0-0 Bxd3 9. Qxd3 Bg7 10. Qb5 Qb6 11. Na3 Qxb5 12. Nxb5 0-0 13. Rfe1 a6 14. Na3 Rfe8 15. h3 e6 16. Nc2 Ne4 17. Ne3 b5 18. Ne5 Nxe5 19. Bxe5 Rec8 20. Bxg7 Kxg7 21. f3 Nd6 22. Kf2 Rab8 23. a3 Nc4 24. Re2 a5 25. Nxc4 bxc4 26. f4 h5 27. h4 Rb6 28. Rd1 Rcb8 29. Rdd2 Kf6 30. Kf3 Ke7 31. g3 Kd6 32. Rc2 Kc6 33. a4 Kd6 34. g4 hxg4+ 35. Kxg4 Rh8 36. Rh2 Rbb8 37. Rcg2 Ke7 38. Re2 Kf6 39. Ref2 Rh5 40. Re2 Rbh8 41. Re3 Ke7 42. Reh3 Kd6 43. Re3 f6 44. Rf3 0-1